| 000 | 01018cab a22002055a 4500 | ||
|---|---|---|---|
| 001 | L158215 | ||
| 008 | 141015e2014 xxk 000 0 eng d | ||
| 035 | _a(Sirsi) u158215 | ||
| 041 | 0 | _aeng | |
| 245 | 0 | 0 |
_aLatifa Kosta v Trustees of the Phillimore Estate _h[electronic resource] |
| 260 | _c2014 | ||
| 520 | _a[2014] UKUT 0319 (LC), 3 July 2014. Appeal by appellant landlord T over the method of calculating the price payable for purchase of lease of house under the Leasehold Reform Act 1967 s9(1). Tenant K's expert calculation based upon market-based valuation evidence for working out relativity whilst T's calculation based on relativity graphs published by RICS. "Held" Appeal dismissed. | ||
| 590 | _aKA | ||
| 650 | 2 | 4 | _aRELATIVITY |
| 650 | 2 | 4 | _aLEASEHOLD REFORM ACT 1967 |
| 651 | 4 |
_aEngland and Wales _y1543- |
|
| 690 |
_aValuation _96273 |
||
| 856 | 4 | 0 |
_uhttps://www.landstribunal.gov.uk/judgmentfiles/j1061/LRA-108-2013.pdf _zView the law report free of charge at www.landstribunal.gov.uk |
| 942 | _n0 | ||
| 999 |
_c84532 _d84532 |
||